| 000 | 00691nam a2200193 i 4500 | ||
|---|---|---|---|
| 001 | 143517 | ||
| 003 | ES-MaACL | ||
| 005 | 20250829063125.0 | ||
| 007 | t| | ||
| 008 | 070214s1946 ag r ||||1| spa d | ||
| 100 | 1 |
_aSertillanges, Antonin-Dalmace, _d1863-1948 _9105847 |
|
| 245 | 1 | 0 |
_aSanto Tomás de Aquino / _cA. D. Sertillanges ; versión castellana de José Luis Izquierdo Hernández. |
| 260 |
_aBuenos Aires : _bDedebec-Desclée, _c1946 ( _fSebastián de Amorrortu) |
||
| 300 |
_a2 t. ; _c20 cm. |
||
| 600 | 0 | 4 |
_aTomás de Aquino, _cSanto _9110514 |
| 700 | 1 |
_aIzquierdo Hernández, José Luis. _965727 |
|
| 852 |
_aES-MaACL _jD-5557-58 _bR.30703 |
||
| 999 |
_c143517 _d143517 |
||